000 00621cam a22001814a 4500
005 20250605164353.0
008 250528s ||||||||||||||||||||||||d
035 _a24161
040 _aGR-AtMCL
_bgre
_dGR-AtMCL
_eAACR2
245 1 _aEffective Predictive and Preventive Maintenance in This IoT Era
260 _bGlobal Railway,
_c2020
300 _a57
520 _aFocusing on the Future of Rail in the Czech Republic, Ensuring that the Rail Sector Can be Cyber-Safe, What Will HS2 Mean for Rail Freight in Britain?.
700 1 _aWaters Craig
_99421
942 _cCR
999 _c9058
_d9058